Statistiche per Materie di Hogwarts della saga di Harry Potter

Clicka qui per fare il quiz!

Statistiche generali

  • Questo quiz è stato fatto 23 volte
  • Il punteggio medio è 8 su 14

Statistiche sulle risposte

HintRisposta% Corretto
Horace LumacornoPozioni
100%
Minerva McGranittTrasfigurazione
90%
Sibilla CoomanDivinazione
86%
Pomona SpriteErbologia
86%
Filius VitiousIncantesimi
81%
Rubeus HagridCura delle creature magiche
71%
Madama Rolanda BumbVolo
71%
Cuthbert RüfStoria della Magia
57%
Charity BurbageBabbanologia
52%
Septima VectorAritmanzia
33%
Aurora SinistraAstronomia
29%
Cura delle creature magicheAntiche rune
14%
Wilkie TwycrossMaterializzazione
5%
Dolores UmbridgeDifesa contro delle arti oscure
0%

Distribuzione punteggi

Percentile per numero di risposta

Percentuale di utenti per punteggio

I tuoi punteggi nel tempo

Non hai fatto questo quiz